Central African Republic : Poverty Reduction Strategy Paper; Preparation Status Report; Joint Staff Advisory Note.

The status report on the Poverty Reduction Strategy Paper (PRSP) of the Central African Republic showed substantial progress. IMF staff welcomed peace and security consolidation and strong macroeconomic framework under the economic program. They emphasized the need for strengthening the linkages bet...

תיאור מלא

מידע ביבליוגרפי
מחבר תאגידי: International Monetary Fund
פורמט: כתב-עת
שפה:English
יצא לאור: Washington, D.C. : International Monetary Fund, 2008.
סדרה:IMF Staff Country Reports; Country Report ; No. 2008/012
גישה מקוונת:Full text available on IMF
LEADER 01683cas a2200241 a 4500
001 AALejournalIMF009763
008 230101c9999 xx r poo 0 0eng d
020 |c 5.00 USD 
020 |z 9781451806663 
022 |a 1934-7685 
040 |a BD-DhAAL  |c BD-DhAAL 
110 2 |a International Monetary Fund. 
245 1 0 |a Central African Republic :   |b Poverty Reduction Strategy Paper; Preparation Status Report; Joint Staff Advisory Note. 
264 1 |a Washington, D.C. :  |b International Monetary Fund,  |c 2008. 
300 |a 1 online resource (4 pages) 
490 1 |a IMF Staff Country Reports 
500 |a <strong>Off-Campus Access:</strong> No User ID or Password Required 
500 |a <strong>On-Campus Access:</strong> No User ID or Password Required 
506 |a Electronic access restricted to authorized BRAC University faculty, staff and students 
520 3 |a The status report on the Poverty Reduction Strategy Paper (PRSP) of the Central African Republic showed substantial progress. IMF staff welcomed peace and security consolidation and strong macroeconomic framework under the economic program. They emphasized the need for strengthening the linkages between some of the sectoral and national strategies. They stressed the need for a strategy for monitoring and evaluation of the system, and financing to implement the strategy. They concur that success of the PRSP will be a challenge amidst security issues and financial constraints. 
538 |a Mode of access: Internet 
830 0 |a IMF Staff Country Reports; Country Report ;  |v No. 2008/012 
856 4 0 |z Full text available on IMF  |u http://elibrary.imf.org/view/journals/002/2008/012/002.2008.issue-012-en.xml  |z IMF e-Library